Sāmājika vijñānoṃ kī pāribhāshika śabdāvalī kā samīkshātmaka adyayana. (Record no. 83524)

MARC details
000 -LEADER
fixed length control field 00691cam a22002411 4500
001 - CONTROL NUMBER
control field sa 68010765
003 - CONTROL NUMBER IDENTIFIER
control field DLC
005 - DATE AND TIME OF LATEST TRANSACTION
control field 20260227112555.0
008 - FIXED-LENGTH DATA ELEMENTS--GENERAL INFORMATION
fixed length control field 900124s1968 ii b 000 0 hino
010 ## - LIBRARY OF CONGRESS CONTROL NUMBER
LC control number sa 68010765
035 ## - SYSTEM CONTROL NUMBER
System control number (OCoLC)20951028
040 ## - CATALOGING SOURCE
Original cataloging agency DLC
Transcribing agency WaU
Modifying agency DLC
042 ## - AUTHENTICATION CODE
Authentication code premarc
050 00 - LIBRARY OF CONGRESS CALL NUMBER
Classification number H61
Item number .S514
100 1# - MAIN ENTRY--PERSONAL NAME
Personal name Sharma, Gopal,
Dates associated with a name 1919-
245 10 - TITLE STATEMENT
Title Sāmājika vijñānoṃ kī pāribhāshika śabdāvalī kā samīkshātmaka adyayana.
260 ## - PUBLICATION, DISTRIBUTION, ETC.
Date of publication, distribution, etc. 1968.
300 ## - PHYSICAL DESCRIPTION
Extent ix, 352 p.
Dimensions 24 cm.
500 ## - GENERAL NOTE
General note In Hindi.
504 ## - BIBLIOGRAPHY, ETC. NOTE
Bibliography, etc. note Bibliography: p. [326]-329.
650 #0 - SUBJECT ADDED ENTRY--TOPICAL TERM
Topical term or geographic name entry element Social sciences
General subdivision Terminology.
650 #0 - SUBJECT ADDED ENTRY--TOPICAL TERM
Topical term or geographic name entry element English language
General subdivision Translating into Hindi.

No items available.

Powered by Koha